|
|
|
|
| LEADER |
00000nam0a2200000 4500 |
| 001 |
140901 |
| 005 |
20231101220859.0 |
| 010 |
|
|
|a 9785969201989
|
| 035 |
|
|
|a (RuTPU)RU\TPU\book\152673
|
| 090 |
|
|
|a 140901
|
| 100 |
|
|
|a 20080714d2008 m y0rusy50 ca
|
| 101 |
0 |
|
|a rus
|
| 102 |
|
|
|a RU
|
| 105 |
|
|
|a y j 001zy
|
| 200 |
1 |
|
|a Гражданское и торговое право зарубежных стран
|e учебное пособие
|f И. А. Зенин
|
| 210 |
|
|
|a Москва
|c Высшее образование
|d 2008
|
| 215 |
|
|
|a 238 с.
|
| 225 |
1 |
|
|a Высшее образование. Основы наук
|
| 320 |
|
|
|a Список использованной литературы: с. 214-216.
|
| 320 |
|
|
|a Глоссарий: с. 217-224.
|
| 330 |
|
|
|a Дальнейшая интеграция России в мировое экономическое сообщество будет идти тем более успешно, чем глубже будут познаваться современное частное право развитых стран и влияющие на межгосударственное сотрудничество нормы международных частноправовых конвенции. Задачей настоящего пособия является информирование читателей о действующем зарубежном частном праве. Пособие предназначено для студентов и слушателей всех форм обучения, а также для магистрантов, аспирантов и преподавателей высших юридических учебных заведений, аудиторов, служащих банков, страховых, внешнеторговых и иных внешнеэкономических организаций, предпринимателей различных сфер деятельности и для всех лиц, интересующихся зарубежным частным правом.
|
| 606 |
1 |
|
|a Государство и право зарубежных стран
|2 stltpush
|3 (RuTPU)RU\TPU\subj\8394
|9 35810
|
| 610 |
1 |
|
|a право
|
| 610 |
1 |
|
|a гражданское право
|
| 610 |
1 |
|
|a торговое право
|
| 610 |
1 |
|
|a зарубежные страны
|
| 610 |
1 |
|
|a вещные права
|
| 610 |
1 |
|
|a обязательственное право
|
| 610 |
1 |
|
|a договорное право
|
| 610 |
1 |
|
|a договоры
|
| 610 |
1 |
|
|a обязательства
|
| 610 |
1 |
|
|a интеллектуальная собственность
|
| 610 |
1 |
|
|a ноу-хау
|
| 610 |
1 |
|
|a семейное право
|
| 610 |
1 |
|
|a наследственное право
|
| 610 |
1 |
|
|a учебные пособия
|
| 686 |
|
|
|a Х83я73
|v LBC/SL-A
|2 rubbk
|
| 700 |
|
1 |
|a Зенин
|b И. А.
|g Иван Александрович
|
| 801 |
|
1 |
|a RU
|b 63413507
|c 20080714
|g PSBO
|
| 801 |
|
2 |
|a RU
|b 63413507
|c 20230314
|g PSBO
|
| 900 |
|
|
|a Право
|
| 900 |
|
|
|a Правоведение
|
| 900 |
|
|
|a Торговое дело
|
| 942 |
|
|
|c BK
|
| 959 |
|
|
|a 72/20080714
|d 1
|e 129,00
|f ЧЗГЛ:1
|